Представление документа в формате RUSMARC

ПолеНазваниеЗначение
  Тип записи a
  Библиографический уровень m
001 Контрольный номер 3861304483504535a0d47666d5de3012
005 Дата корректировки 20140702132858.6
200 Заглавие и сведения об ответственности 1_
a Заглавие Бухучет в оптовой и розничной торговле
f Первые сведения об ответственности Агафонова Марина Николаевна
205 Сведения об издании __
b Дополнительные сведения об издании 2-е изд.,перераб.и доп.
210 Выходные данные 1_
a Место издания М.
c Издательство Бератор
d Дата издания 2004
215 Физическое описание __
a Объем 495 с.
610 Ключевые слова 0_
a Ключевые слова бухгалтерский учет в торговле
610 Ключевые слова 0_
a Ключевые слова учетная политика
610 Ключевые слова 0_
a Ключевые слова розничная торговля
610 Ключевые слова 0_
a Ключевые слова товарный отчет
610 Ключевые слова 0_
a Ключевые слова оптовая торговля
610 Ключевые слова 0_
a Ключевые слова договор поставки
610 Ключевые слова 0_
a Ключевые слова договор купли-продажи
610 Ключевые слова 0_
a Ключевые слова транспортные расходы
610 Ключевые слова 0_
a Ключевые слова мелкорозничная торговля
610 Ключевые слова 0_
a Ключевые слова импорт товаров
610 Ключевые слова 0_
a Ключевые слова инвентаризация
686 Индексы других классификаций __
a Классификационный индекс 65.052.9(2)242
2 Код системы rubbk
686 Индексы других классификаций __
a Классификационный индекс 65.9(2)421.2
2 Код системы rubbk
686 Индексы других классификаций __
a Классификационный индекс 65.9(2)421.3
2 Код системы rubbk
700 Автор _1
a Фамилия Агафонова Марина Николаевна
801 Источник записи _0
a Страна RU
b Организация РУК
c Дата составления 20040409
g Правила каталогизации PSBO
801 Источник записи _1
a Страна RU
b Организация РУК
c Дата составления 20040409
g Правила каталогизации PSBO
852 Данные о местонахождении __
i Авторский знак А 23
j Шифр хранения ББК 65.052
901 Тип документа __
t Тип документа m
938 Служебная информация __
a Название организации Головной вуз
b Имя БД BOOK
c Название АИБС АИБС ИРБИС